书目信息 |
| 题名: |
多肉植物馆
|
|
| 作者: | ;慢生活工坊 编著 | |
| 分册: | ||
| 出版信息: | 北京 电子工业出版社 2016 |
|
| 页数: | 160页 | |
| 开本: | 21cm | |
| 丛书名: | ||
| 单 册: | ||
| 中图分类: | S682.33 | |
| 科图分类: | ||
| 主题词: | 多浆植物--观赏园艺 | |
| 电子资源: | ||
| ISBN: | 978-7-121-26329-3 | |
| 000 | 00862nam0 2200217 450 | |
| 001 | 781 | |
| 005 | 20160908105051.67 | |
| 010 | @a978-7-121-26329-3@dCNY39.80 | |
| 100 | @a20140411d2016 em y0chiy0150 ea | |
| 101 | 0 | @achi |
| 102 | @aCN@b110000 | |
| 105 | @aa z 000yy | |
| 200 | 1 | @a多肉植物馆@9duo rou zhi wu guan@f慢生活工坊编著 |
| 210 | @a北京@c电子工业出版社@d2016 | |
| 215 | @a160页@c彩图, 彩照@d21cm | |
| 330 | @a本书共分五个部分,第一部分介绍多肉的基础知识,包括容器、介质和日常养护等内容,第二部分是只用一种多肉植物制作盆栽的内容,第三部分介绍多种多肉植物组合在一起的盆栽实例,第四部分是用极具创意的器具来制作多肉盆栽,第五部分讲解多肉繁殖和修剪等方面的内容。 | |
| 606 | 0 | @a多浆植物@x观赏园艺 |
| 690 | @aS682.33@v5 | |
| 711 | 02 | @a慢生活工坊@9man sheng huo gong fang@4编著 |
| 801 | 0 | @aCN@b唐山师范学院图书馆@c20160723 |
| 905 | @aZUCC@dS682.33@e412 | |
| 多肉植物馆/慢生活工坊编著.-北京:电子工业出版社,2016 |
| 160页:彩图, 彩照;21cm |
| ISBN 978-7-121-26329-3:CNY39.80 |
| 本书共分五个部分,第一部分介绍多肉的基础知识,包括容器、介质和日常养护等内容,第二部分是只用一种多肉植物制作盆栽的内容,第三部分介绍多种多肉植物组合在一起的盆栽实例,第四部分是用极具创意的器具来制作多肉盆栽,第五部分讲解多肉繁殖和修剪等方面的内容。 |
| ● |
| 相关链接 |
|
|
|
|
正题名:多肉植物馆
索取号:S682.33/412
 
预约/预借
| 序号 | 登录号 | 条形码 | 馆藏地/架位号 | 状态 | 备注 |
| 1 | 903450 | 209034506 | 第二样本阅览室/ [索取号:S682.33/412] | 在馆 | |
| 2 | 903451 | 209034515 | 第三借阅区/ [索取号:S682.33/412] | 在馆 | |
| 3 | 903452 | 209034524 | 第三借阅区/ [索取号:S682.33/412] | 在馆 | |
| 4 | 903453 | 209034533 | 第三借阅区/ [索取号:S682.33/412] | 在馆 | |
| 5 | 903454 | 209034542 | 密集书库-生命科学系/ [索取号:S682.33/412] | 在馆 |